Novátorské metody ve strojírenství /
Gespeichert in:
| 1. Verfasser: | |
|---|---|
| Format: | Buch |
| Sprache: | Tschechisch |
| Veröffentlicht: |
Praha :
Práce,
1960
|
| Schlagworte: | |
| Tags: |
Keine Tags, Fügen Sie das erste Tag hinzu!
|
MARC
| LEADER | 00000nam a22000003a 4500 | ||
|---|---|---|---|
| 001 | stu40337 | ||
| 005 | 20150617225722.5 | ||
| 008 | 930421s1960----cs------------------cze-d | ||
| 040 | |a STU |b slo | ||
| 041 | 0 | |a cze | |
| 044 | |a cs | ||
| 080 | |a 621 | ||
| 100 | 1 | |a Páv, Antonín |4 aut | |
| 245 | 1 | |a Novátorské metody ve strojírenství / |c [aut.]Antonín Páv | |
| 260 | |a Praha : |b Práce, |c 1960 | ||
| 300 | |a 194 s | ||
| 650 | 7 | |a strojárstvo |2 stusub | |
| 650 | 7 | |a metódy novátorské |2 stusub | |
| 996 | |b 284M016083 |c M*3898-1 |l MMKN |s A |a 24 |w stu40337_0001 | ||